header

SOA Patterns with BizTalk Server 2009 (Record no. 146663)

MARC details
000 -LEADER
fixed length control field 01302nam a2200325Ia 4500
082 04 - DEWEY DECIMAL CLASSIFICATION NUMBER
Classification number 004/.65
100 1# - MAIN ENTRY--AUTHOR NAME
Personal name Seroter, Richard.
245 10 - TITLE STATEMENT
Title SOA Patterns with BizTalk Server 2009
260 ## - PUBLICATION, DISTRIBUTION, ETC. (IMPRINT)
Place of publication Birmingham, U.K. :
Name of publisher Packt Publishing Ltd.,
Year of publication c2009.
300 ## - PHYSICAL DESCRIPTION
Number of Pages v, 382 p. :
Other physical details ill.
500 ## - GENERAL NOTE
General note Includes index.
650 #0 - SUBJECT ADDED ENTRY--TOPICAL TERM
Topical Term Computer network architectures.
Topical Term Service-oriented architecture (Computer science)
Topical Term Software architecture.
856 40 - ELECTRONIC LOCATION AND ACCESS
Uniform Resource Identifier http://site.ebrary.com/lib/rucke/Doc?id=10433555

No items available.

© 2026 Rongo University
Contact us: librarian | system librarian | Rongo university